Loading...
| Ancient History and Archaeology | 3 | 16.67 | 133% | 67% | 200% |
| Beliefs | 12 | 15.00 | 167% | 133% | 83% |
| British and Commonwealth History | 4 | 22.50 | 400% | 150% | 100% |
| Current Events | 3 | 23.33 | 267% | 200% | 133% |
| Fine Arts - Auditory | 4 | 12.50 | 200% | 0% | 150% |
| Fine Arts - Visual | 5 | 18.00 | 80% | 160% | 160% |
| Geography | 2 | 15.00 | 200% | 100% | 100% |
| History - American | 6 | 20.00 | 333% | 167% | 67% |
| History - European | 5 | 16.00 | 240% | 80% | 120% |
| History - World | 6 | 13.33 | 133% | 133% | 67% |
| Literature - American | 2 | 5.00 | 0% | 100% | 0% |
| Literature - British | 4 | 20.00 | 300% | 100% | 150% |
| Literature - European | 7 | 12.86 | 114% | 86% | 114% |
| Other Academic | 2 | 15.00 | 0% | 100% | 200% |
| Other Arts: Auditory | 2 | 20.00 | 400% | 100% | 100% |
| Other Arts: Visual | 4 | 12.50 | 200% | 50% | 100% |
| Other Science: Computer Science | 1 | 10.00 | 0% | 200% | 0% |
| Other Science: Earth Science | 2 | 15.00 | 200% | 200% | 0% |
| Philosophy | 3 | 13.33 | 133% | 67% | 133% |
| Science - Biology | 8 | 18.75 | 200% | 125% | 150% |
| Science - Chemistry | 4 | 17.50 | 300% | 100% | 100% |
| Science - Physics | 6 | 15.00 | 133% | 100% | 133% |
| Social Science | 5 | 14.00 | 160% | 80% | 120% |
| World and Other Literature | 5 | 14.00 | 80% | 80% | 160% |